Special functions in queuing theory and related stochastic processes
Uloženo v:
| Hlavní autoři: | , |
|---|---|
| Médium: | Kniha |
| Jazyk: | angličtina |
| Vydáno: |
Nueva York
Academic Press
1982
|
| Témata: | |
| Tagy: |
Přidat tag
Žádné tagy, Buďte první, kdo vytvoří štítek k tomuto záznamu!
|
MARC
| LEADER | 00000nam a2200000 a 4500 | ||
|---|---|---|---|
| 001 | UCP2662 | ||
| 003 | CL-VaPUC | ||
| 008 | 990520e19820000US |||||||||||||||||eng|d | ||
| 082 | 0 | 4 | |a 519.82 |b SRI |2 21 |
| 100 | 0 | |a Srivasata, H. M |e author |9 429576 | |
| 700 | 0 | |a Kashyap, B. R. K |e author |9 429577 | |
| 245 | 1 | 0 | |a Special functions in queuing theory and related stochastic processes |
| 300 | |a 308 p | ||
| 942 | |c BK | ||
| 945 | |d 19990520 00:00:00 |a crobeson | ||
| 260 | |a Nueva York |b Academic Press |c 1982 | ||
| 650 | 7 | |a TEORIA DE COLAS |2 CL-VaPUC |9 336936 | |
| 650 | 0 | |a Investigación operativa |9 259383 | |
| 650 | 0 | |a Procesos estocásticos |9 260364 | |
| 650 | 7 | |a FUNCIONES ESPECIALES |2 CL-VaPUC |9 424112 | |
| 583 | |a last modification |c 19990520 00:00:00 |k Rodrigo Vera | ||
| 999 | |c 281169 |d 281167 | ||
| 952 | |0 0 |1 0 |4 0 |6 519_820000000000000_SRI_1982 |7 0 |8 A |9 321840 |a BIBMAT |b BIBMAT |d 2019-11-20 |i 1345680 |o 519.82 SRI 1982 |p 1345680 |r 2025-01-07 |w 2019-11-20 |y BK |k MAT | ||